000 00770nam a2200253 a 4500
001 54903
003 BD-RjUL
005 20211209080202.0
008 161112s1958 e ||||| |||| 001 0 eng d
035 _a(BD-RjUL) 55025
040 _aBD-RjUL
_beng
_dBD-RjUL
_cBD-RjUL
041 _aeng
082 _a551.46
_223
_bGUC 1958
100 1 _aGuilcher, André.
_9163671
245 1 0 _aCoastal and submarine morphology /
_cAndré Guilcher ; translated by B.W. Sparks and R.H.W. Kneese.
260 _aLondon :
_bMethuen,
_cc 1958 [reprint 1964]
300 _a274 p. :
_bill. ;
_c23 cm.
500 _aIncludes Index
650 0 _aOceanograpy
_9160890
650 0 _aCoasts.
_9163672
700 _aSparks, B. W.
_9163673
710 _aKneese, R. H. W.
_9163674
942 _2ddc
_cBK
999 _c54903
_d54903